Modelo de costos para obras de urbanización.
Gardado en:
| Autor Principal: | |
|---|---|
| Outros autores: | |
| Formato: | Libro |
| Publicado: |
San José, Costa Rica
1999
|
| Materias: | |
| Etiquetas: |
Engadir etiqueta
Sen Etiquetas, Sexa o primeiro en etiquetar este rexistro!
|
MARC
| LEADER | 00000nam a2200000Ia 4500 | ||
|---|---|---|---|
| 003 | 008569 | ||
| 005 | 20231120143219.0 | ||
| 008 | 140114s1999 cr a m 000 ||s d | ||
| 040 | |c cru CEDI | ||
| 090 | |a TFG 3905 | ||
| 100 | |a Rojas Guevara, Pablo César, 1974- |9 1801 | ||
| 245 | |a Modelo de costos para obras de urbanización. | ||
| 260 | |a San José, Costa Rica |c 1999 | ||
| 300 | |a 104 páginas : ilustraciones. | ||
| 500 | |a Proyecto de graduación (licenciatura en ingeniería civil)--Universidad de Costa Rica. Facultad de Ingeniería. Escuela de Ingeniería Civil | ||
| 501 | |a Director de Proyecto de Graduación: Ing. José Luis Salas Quesada | ||
| 650 | |x INDUSTRIA DE LA CONSTRUCCION |x MAQUINAS DE CONSTRUCCION - COSTOS |9 8899 | ||
| 700 | |a Salas Quesada, José Luis, 1957- |d Director del TFG |9 1001 | ||
| 942 | |c TFG |h TFG 3905 |i 008569 |6 TFG_3905_008569000000000 | ||
| 999 | |c 18582 |d 18582 | ||
